[Event "Main Event"]
[Site "Chess.com"]
[Date "2023.09.15"]
[Round "2"]
[White "Nihal, Sarin"]
[Black "Vachier Lagrave, Maxime"]
[Result "1-0"]
[WhiteElo "3117"]
[BlackElo "3161"]
[EventDate "2023.??.??"]
[Annotator "rafael"]
[PlyCount "57"]
[Beauty "8249692663303"]
[EventType "schev"]
[EventRounds "2"]
[TimeControl "300+1"]

{[%evp 0,57,22,24,22,28,24,-16,14,9,1,13,24,-1,21,18,6,-25,5,-30,8,8,20,25,40,49,45,47,44,47,53,50,51,46,54,30,54,47,70,75,81,82,107,109,109,87,91,87,178,181,284,282,275,295,312,313,481,482,482,482]} 
1.d4 Nf6 2.Nf3 d5 3.c3 c6 4.Qc2 {A curious little move that Nihal has played before. The idea is to avoid the development of Black's bishop on f5.} 4...g6 {Preparing the to develop the bishop on f5 anyway. The problem is that Black's dark-squared bishop won't be so well placed on g7. To be honest, developing the light-squared bishop to f5 is not such a great idea either since there's a pawn on g6. That said, the move is still perfectly playable.} ( 4...Bg4 {is a natural alternative and was played against Nihal in a rapid game.} 5.Ne5 Bh5 6.Bf4 Nbd7 7.e3 e6 8.Qb3 Qb6 {with equality in Nihal-Harikrishna, ESP-chT Toledo (rapid) 2022.} ) 5.Bf4 Bg7 6.e3 Bf5 7.Qb3 Qb6 8.c4 {A new move.} ( 8.h3 {with the idea of playing g2-g4, disturbing the bishop, was played in Ter Sahakyan-Sarana, Olympic E-sports (blitz) 2023.} ) 8...Nbd7 ( 8...Na6 $5 {[%c_effect a6;square;a6;type;Interesting;persistent;true] It's also possible to develop the knight here. A knight on the rim is not always dim, especially when it can soon go to a more active square (in this case, b4).} ) 9.Nc3 O-O 10.h3 h5 {A natural reaction, trying to take the sting out of the g2-g4 push. There was a better move, however.} ( 10...Qa5 $1 {[%c_effect a5;square;a5;type;GreatFind;persistent;true] exploiting the e1-a5 diagonal and the pin on the c3-knight gives Black an excellent position.} 11.Rc1 ( 11.Be2 dxc4 $1 {[%c_effect c4;square;c4;type;GreatFind;persistent;true]} 12.Bxc4 b5 13.Be2 Be6 14.Qc2 b4 15.Qa4 Qb6 {followed by c6-c5.} ) 11...dxc4 12.Bxc4 b5 13.Be2 Be6 {with good counterplay.} ) 11.Be2 Qxb3 $6 {[%c_effect b3;square;b3;type;Inaccuracy;persistent;true] A positional mistake. It's better to capture on c4 before exchanging queens.} ( 11...dxc4 $1 {[%c_effect c4;square;c4;type;GreatFind;persistent;true]} 12.Bxc4 Qxb3 13.Bxb3 c5 $1 {[%c_effect c5;square;c5;type;GreatFind;persistent;true] with a good position.} ) 12.axb3 {Now White has a more comfortable position. The a-file is open for White's rook, and Black cannot capture on c4 since it leaves White with a much better pawn structure.} 12...a6 13.O-O Rfc8 14.Rfc1 {White's moves are natural and easy.} 14...Be6 {A strange move and proof that it's not easy for Black to find a plan.} ( 14...Ne4 {is a possibility in order to exchange pieces.} 15.cxd5 Nxc3 16.bxc3 cxd5 {with a slight advantage for White due to the better pawn structure: one pawn island against two.} ) 15.c5 {A natural reaction in a blitz game. Nihal has a clear plan now: he wants to play b3-b4, followed by the Nd2-Nb3-Na5 maneuver, all very thematic in these types of positions.} ( 15.Ng5 {forces the bishop back, but it's not such a big deal.} 15...Bf5 ) ( 15.Ra5 $5 {[%c_effect a5;square;a5;type;Interesting;persistent;true] My computer is very happy with this move, indicating a good advantage for White. The machine is saving Nf3-g5 for later. The rook presses the d5-pawn from the side.} ) 15...Nf8 ( 15...Bf5 {Black should consider returning the bishop immediately to play ...Ne4.} ) 16.b4 N6d7 17.Nd2 {Black's last moves look a bit passive, but there's a way to make sense of them: he should now play 17...f6, followed by Bf7 and e7-e5.} 17...Bf5 $2 {[%c_effect f5;square;f5;type;Mistake;persistent;true] This move loses precious time.} ( 17...f6 $1 {[%c_effect f6;square;f6;type;GreatFind;persistent;true]} 18.Nb3 Bf7 19.Na5 e5 20.Bg3 Rcb8 {followed by Nf8-e6, although White is better.} ) 18.g4 hxg4 19.hxg4 Be6 20.Nb3 {White completes his plan and has a winning positional advantage. Black's pieces will be tied to the defense of the b7-pawn.} 20...Nf6 21.f3 Bd7 22.Na5 ( 22.Na4 {is even better.} ) 22...Ra7 23.Kf2 {It's always good to bring the king closer to the center, especially when your opponent is paralyzed.} 23...Ne8 {Allowing a pretty finish.} 24.b5 $3 {[%c_effect b5;square;b5;type;Brilliant;persistent;true] A decisive break.} 24...axb5 {This loses an exchange, but the alternative doesn't help.} ( 24...cxb5 25.Nxd5 ) 25.Nxc6 $1 {[%c_effect c6;square;c6;type;GreatFind;persistent;true] this is the point of White's previous move.} 25...bxc6 ( 25...Rxa1 26.Nxe7+ ) 26.Rxa7 f6 27.Bxb5 $1 {[%c_effect b5;square;b5;type;GreatFind;persistent;true] The demolition of Black's pawn structure continues.} 27...cxb5 28.Nxd5 Kf7 29.Nb6 {The c-pawn is ready to march up the board, and Vachier-Lagrave decided enough was enough.} 1-0

[Event "Nepomniachtchi vs. Arjun | Speed Chess L"]
[Site "Chess.com"]
[Date "2023.09.14"]
[Round "2"]
[White "Nepomniachtchi, Ian"]
[Black "Erigaisi, Arjun"]
[Result "1-0"]
[WhiteElo "2785"]
[BlackElo "2737"]
[EventDate "2023.??.??"]
[Annotator "rafael"]
[PlyCount "97"]
[Beauty "7080522032673"]
[EventType "game"]
[BlackTeam "India"]
[BlackTeamCountry "IND"]

{[%evp 0,97,28,-10,-11,-14,-10,-10,-16,2,6,2,2,4,19,18,18,24,24,18,18,14,14,13,18,17,33,14,49,42,41,52,58,59,53,49,78,82,80,60,84,53,51,42,66,65,66,64,70,57,59,51,51,30,26,14,63,20,24,27,43,4,32,4,41,-25,-14,-40,-41,-41,80,-41,120,118,160,177,180,85,85,108,40,53,228,267,267,320,320,320,312,62,423,410,442,480,502,368,497,471,514,382]} 
1.c4 e6 2.g3 d5 3.Bg2 Nf6 4.Nf3 d4 5.O-O Nc6 6.d3 Bc5 {A popular line among the elite nowadays. Nepomniachtchi was knocked out of the World Cup by Vidit in this variation.} 7.Nbd2 O-O 8.Nb3 Be7 9.e3 dxe3 10.Bxe3 a5 ( 10...Ng4 {was Vidit's choice in the mentioned game.} 11.Bc5 Bxc5 12.Nxc5 b6 {Nepomniachtchi-Vidit, FIDE World Cup Baku 2023.} ) 11.h3 {A useful move, preventing ...Ng4.} 11...a4 12.Nbd4 Nxd4 13.Nxd4 ( 13.Bxd4 {is also interesting. White can fight for a small advantage after} 13...c5 14.Bc3 ) 13...c6 $6 {[%c_effect c6;square;c6;type;Inaccuracy;persistent;true] A new move and not a very good one, since it's a bit passive.} ( 13...a3 14.b3 e5 15.Nf3 {was better for White in Tomashevsky-Fressinet, Aimchess Rapid 2023.} ) ( 13...e5 $1 {[%c_effect e5;square;e5;type;GreatFind;persistent;true] is better with the pawn still on a4.} 14.Nf3 e4 15.dxe4 Qxd1 16.Raxd1 Nxe4 {with chances of equalizing.} ) 14.Nf3 $1 {[%c_effect f3;square;f3;type;GreatFind;persistent;true] The knight returns and makes way for the advance of the d-pawn.} 14...Qa5 15.d4 {White has a dream position from the opening. He has more space and his bishops are much better than Black's.} 15...Rd8 16.Qc2 h6 ( 16...c5 {Black should play this break to fight for some space.} ) 17.Rad1 Bd7 18.Ne5 Be8 19.a3 {A typical blitz move: it's not clear if it's useful, but it doesn't compromise anything. 19.Rfe1 is very natural and the more direct 19.c5 is also good.} ( 19.c5 Nd5 20.Nc4 {with a clear advantage.} ) ( 19.Rfe1 {is more useful in case Black advances c6-c5.} ) 19...Rac8 $6 {[%c_effect c8;square;c8;type;Inaccuracy;persistent;true]} ( 19...c5 $1 {[%c_effect c5;square;c5;type;GreatFind;persistent;true] is a better chance again.} 20.d5 ( 20.Bxb7 $2 {[%c_effect b7;square;b7;type;Mistake;persistent;true] is bad:} 20...cxd4 21.Bxd4 Rxd4 $1 {[%c_effect d4;square;d4;type;GreatFind;persistent;true] and Black wins material.} ) 20...Qc7 $1 {[%c_effect c7;square;c7;type;GreatFind;persistent;true]} 21.f4 exd5 22.cxd5 Bd6 {with an acceptable position for Black.} ) 20.Bd2 $5 {[%c_effect d2;square;d2;type;Interesting;persistent;true]} ( 20.Rfe1 ) 20...Qa6 21.Bc3 b5 $6 {[%c_effect b5;square;b5;type;Inaccuracy;persistent;true] This leaves Black without any counterplay.} ( 21...c5 22.d5 exd5 23.cxd5 {The position is better for White, but at least Black has something to play for.} ) ( 21...Nd7 {keeps the status quo.} ) 22.c5 $1 {[%c_effect c5;square;c5;type;GreatFind;persistent;true] This gives away the d5-square, but White has a big space advantage and can prepare an offensive on the kingside.} 22...Nd5 23.Rfe1 Rb8 24.Nd3 Bf6 25.Kh2 Qa7 26.Qc1 {Nepomniachtchi is not in a hurry.} 26...Bd7 27.Nb4 Be8 28.Be4 {White's idea is to play, at some moment, Bb1-Qc2.} ( 28.Bxd5 $1 {[%c_effect d5;square;d5;type;GreatFind;persistent;true] is very good, since Black is forced to take with the c-pawn, leaving White with a monster passed pawn.} 28...cxd5 ( 28...exd5 {loses to} 29.Rxe8+ $1 {[%c_effect e8;square;e8;type;GreatFind;persistent;true]} 29...Rxe8 30.Nxc6 ) 29.Rd3 {followed by Bd2-f4, with a winning positional advantage.} ) 28...Nxb4 29.axb4 Qe7 30.Bb1 Qf8 ( 30...g6 {Black can play this immediately, since the h6-pawn cannot be captured:} 31.Qxh6 $4 {[%c_effect h6;square;h6;type;Blunder;persistent;true]} 31...Bg5 ) 31.Rd3 Rd5 32.Re4 Rbd8 33.Qc2 g6 34.Ba2 R5d7 $2 {[%c_effect d7;square;d7;type;Mistake;persistent;true] The final mistake, and now White wins by force.} ( 34...Bd7 {is necessary. In this case White should not take the rook immediately.} 35.Bxd5 $6 {[%c_effect d5;square;d5;type;Inaccuracy;persistent;true]} 35...exd5 36.Rf4 Bg5 37.Rff3 Qg7 38.h4 Bf6 {followed by ...Bf5 or even ...g5 with good compensation.} ) 35.Rf4 ( 35.Rf3 $1 {[%c_effect f3;square;f3;type;GreatFind;persistent;true] is even cleaner:} 35...Bg7 ( 35...Qg7 36.Rxf6 $1 {[%c_effect f6;square;f6;type;GreatFind;persistent;true]} 36...Qxf6 37.d5 {with a decisive advantage.} ) 36.Bxe6 {Black's position falls apart.} ) 35...Bg5 36.Rff3 Qe7 ( 36...Rd5 {sacrificing the exchange, gives better practical chances, although they are clearly insufficient.} ) 37.h4 $1 {[%c_effect h4;square;h4;type;GreatFind;persistent;true]} 37...Bf6 38.Rxf6 ( 38.d5 {is also winning:} 38...Bxc3 39.d6 Qf8 40.Qxc3 Qg7 41.Rf6 {Black is completely paralyzed.} ) 38...Qxf6 39.d5 $1 {[%c_effect d5;square;d5;type;GreatFind;persistent;true]} 39...Qf5 40.d6 $1 {[%c_effect d6;square;d6;type;GreatFind;persistent;true] White's position is worthy of a picture. Black's dark squares are very weak and the bishops point to the opposing king. The material disadvantage is not felt, as the black rooks can barely move. The plan is Qe2, followed by Rf3.} 40...f6 41.Qe2 Bf7 42.Rf3 {The f-pawn is lost.} 42...Qg4 43.Bxf6 Re8 44.Be5 Qxb4 45.Qe3 Kh7 46.Rf4 $1 {[%c_effect f4;square;f4;type;GreatFind;persistent;true] Sending the queen away.} 46...Qa5 47.Bb1 $1 {[%c_effect b1;square;b1;type;GreatFind;persistent;true] The bishop keeps pointing at the king.} 47...Qd8 48.h5 Rg8 49.Rf6 {Arjun decided to resign instead of trying to find a move in this sad position. A possible continuation is} ( 49.Rf6 Qe8 50.Be4 Ra7 51.Qf3 {followed by the capture of the c-pawn.} ) 1-0

[Event "Speed Chess Championship 2023"]
[Site "Chess.com"]
[Date "2023.09.04"]
[Round "1"]
[White "So, Wesley"]
[Black "Aronian, Levon"]
[Result "1-0"]
[WhiteElo "3054"]
[BlackElo "3056"]
[EventDate "2023.??.??"]
[Annotator "rafael"]
[PlyCount "79"]
[Beauty "7699668437030"]
[EventType "team-tourn"]
[TimeControl "300+1"]

1.d4 d5 2.Nf3 c6 3.Bf4 {The London System is always present, especially in blitz matches.} 3...Qb6 4.Qc1 Bg4 5.e3 Nf6 ( 5...Bxf3 {is possible, to disrupt the pawn structure.} 6.gxf3 {With chances for both sides.} ) 6.c4 {A new position on the sixth move already.} 6...Nbd7 7.Nc3 e6 8.c5 {Pushing c4-c5 in these positions is always a difficult choice, since White loses central control.} ( 8.Nd2 $1 {[%c_effect d2;square;d2;type;GreatFind;persistent;true] this move first is more accurate, leaving c4-c5 as a possibility for later.} ) 8...Qd8 9.Nd2 {White's idea is to play b4 without Black having the option of capturing the knight. This piece can later go to b3 and the pawn breaks are well controlled. Black must strike now in order to fight for equality.} 9...Nh5 $2 {[%c_effect h5;square;h5;type;Mistake;persistent;true]} ( 9...Be7 10.h3 Bf5 11.b4 {with advantage for White.} ) ( 9...e5 $1 {[%c_effect e5;square;e5;type;GreatFind;persistent;true] Black gets a playable position after this strong move.} 10.dxe5 Nh5 11.h3 ( 11.b4 a5 12.a3 Nxf4 13.exf4 g5 $1 {[%c_effect g5;square;g5;type;GreatFind;persistent;true] with excellent counterplay.} ) 11...Nxf4 12.exf4 Be6 {with a double-edged position.} ) 10.h3 $1 {[%c_effect h3;square;h3;type;GreatFind;persistent;true] White gets the advantage now.} 10...Nxf4 11.hxg4 Ng6 12.f4 $1 {[%c_effect f4;square;f4;type;GreatFind;persistent;true] A good prophylactic move, avoiding …e6-e5.} 12...Be7 13.Bd3 O-O ( 13...Bh4+ {The check is not dangerous, since White's king doesn't feel threatened in the middle of the board.} 14.Ke2 ) 14.Qc2 ( 14.f5 {is tempting, but Black can sacrifice the knight to achieve practical compensation:} 14...exf5 15.gxf5 Nge5 $1 {[%c_effect e5;square;e5;type;GreatFind;persistent;true]} ( 15...Nh8 {is too ugly.} ) 16.dxe5 Nxe5 17.Qc2 Bxc5 ) 14...b6 15.cxb6 $6 {[%c_effect b6;square;b6;type;Inaccuracy;persistent;true]} ( 15.f5 $1 {[%c_effect f5;square;f5;type;GreatFind;persistent;true] is very good now, since the knight sacrifice is not so good anymore.} ) 15...c5 $1 {[%c_effect c5;square;c5;type;GreatFind;persistent;true]} 16.f5 Bh4+ $2 {[%c_effect h4;square;h4;type;Mistake;persistent;true]} ( 16...cxd4 $1 {[%c_effect d4;square;d4;type;GreatFind;persistent;true] gives Black adequate counterplay:} 17.fxg6 ( 17.exd4 {now the knight gets the f4-square:} 17...exf5 18.gxf5 Nf4 $1 {[%c_effect f4;square;f4;type;GreatFind;persistent;true]} ) 17...dxc3 18.gxf7+ Kxf7 $1 {[%c_effect f7;square;f7;type;GreatFind;persistent;true] with a complicated position.} ) 17.Kd1 c4 ( 17...cxd4 {This doesn't work now for tactical reasons:} 18.exd4 exf5 19.gxf5 Nf4 20.f6 $1 {[%c_effect f6;square;f6;type;GreatFind;persistent;true] we can see now the problem with the bishop on h4.} ) 18.Be2 exf5 19.gxf5 Nh8 {A sad fate for the knight.} 20.Nxd5 ( 20.b7 {is even better:} 20...Rb8 21.Nxd5 Rxb7 22.Qe4 Bg5 23.f6 {winning material.} ) 20...Nxb6 21.Nxb6 axb6 22.Bxc4 Bg5 23.Rh3 Re8 24.Qd3 {White has consolidated and is two pawns up.} 24...Qe7 25.Kc2 ( 25.f6 $1 {[%c_effect f6;square;f6;type;GreatFind;persistent;true] wins immediately, here and on the next move.} ) 25...b5 26.Bxb5 ( 26.f6 $1 {[%c_effect f6;square;f6;type;GreatFind;persistent;true]} ) 26...Rec8+ 27.Bc4 Qb7 28.g4 $2 {[%c_effect g4;square;g4;type;Mistake;persistent;true] This allows a surprsing tactical chance for Black.} ( 28.Rah1 {is better, followed by Kb1 with an easy win.} ) 28...Qg2 $2 {[%c_effect g2;square;g2;type;Mistake;persistent;true]} ( 28...Rxc4+ $1 {[%c_effect c4;square;c4;type;GreatFind;persistent;true] is very strong:} 29.Nxc4 ( 29.Qxc4 $2 {[%c_effect c4;square;c4;type;Mistake;persistent;true]} 29...Rc8 ) 29...Qg2+ 30.Kc3 Qxh3 {The game becomes sharp, although White is still better.} ) 29.Rah1 h6 30.Kb1 {White is winning again.} 30...Rab8 31.Bb3 Re8 32.Nc4 Rbd8 33.Qc2 Qxg4 34.Ne5 Rxe5 35.dxe5 Kh7 36.e6 fxe6 37.fxe6+ Ng6 38.R3h2 Qb4 39.Rf2 Qb7 40.Qxg6+ $1 {[%c_effect g6;square;g6;type;GreatFind;persistent;true] A nice finishing touch.} ( 40.Qxg6+ Kxg6 41.Bc2+ {with mate.} ) 1-0

[Event "Speed Chess Championship 2023"]
[Site "Chess.com"]
[Date "2023.09.11"]
[Round "1"]
[White "Caruana, Fabiano"]
[Black "Abdusattorov, Nodirbek"]
[Result "1-0"]
[WhiteElo "3076"]
[BlackElo "3025"]
[EventDate "2023.??.??"]
[Annotator "rafael"]
[PlyCount "65"]
[Beauty "8178288820239"]
[EventType "team-tourn"]
[TimeControl "300+1"]

{[%evp 0,65,24,24,12,12,30,24,19,55,45,16,17,17,25,10,16,0,0,0,45,-8,-12,-35,-28,-28,-38,-57,-52,-58,-53,-73,-54,-59,-47,-57,-35,-35,-13,-26,-26,-18,-12,-24,-14,-14,-21,-15,-24,-22,-1,-18,-22,-26,-9,0,5,-42,1,13,26,26,111,72,29989,29990,29991,334]} 
1.d4 d5 2.Bf4 Nf6 3.Nf3 c5 4.e3 e6 5.Nbd2 Qb6 6.Rb1 {This position has been tested in several games of strong grandmasters in 2023.} 6...Bd7 {Black's plan is to exchange bishops with ...Bb5, a very common plan in the French Defense that is carried over to the London System. It was not easy, but I managed to find something in common between these two variations.} ( 6...cxd4 7.exd4 Bd7 8.c3 Bb5 9.h4 {A curious move that has the computer's approval. The machine is not shy about advancing the pawn to h4 in various openings.} 9...Nc6 10.Bxb5 Qxb5 11.Qb3 a6 12.Qxb5 axb5 13.a3 Nd7 {with a roughly equal endgame in Tabatabaei-Keymer, FIDE World Cup Baku 2023.} ) 7.c3 Bd6 ( 7...Bb5 {immediately is also possible:} 8.c4 dxc4 9.Nxc4 Bxc4 10.Bxc4 Qb4+ 11.Nd2 cxd4 12.exd4 Nc6 13.O-O Rd8 14.a3 Qb6 15.Be3 Qc7 {with chances for both sides in Gukesh-Nakamura, Airthings Masters (rapid) 2023.} ) 8.Bg3 $1 {[%c_effect g3;square;g3;type;GreatFind;persistent;true] It's also possible to exchange and play the normal plan with Ne5-f4, but the move played in the game is more dangerous. It's hard for Black to complete development without trading bishops, but opening the h-file brings the rook to the game.} ( 8.Bxd6 Qxd6 9.Ne5 ) 8...O-O ( 8...cxd4 9.exd4 Bxg3 10.hxg3 Bb5 {This completes Black's initial plan, but Abdusattorov, understandably, refrains from the capture on g3.} ) 9.Bd3 Qc7 10.Bh4 $6 {[%c_effect h4;square;h4;type;Inaccuracy;persistent;true] The plan of capturing the knight on f6 is not effective.} ( 10.dxc5 $1 {[%c_effect c5;square;c5;type;GreatFind;persistent;true]} 10...Qxc5 11.e4 {This creates an unpleasant situation for Black since the pawn is ready to go to e5 but cannot be captured. In case of 11...Bxh3, Black's king feels unsafe.} 11...Bxg3 ( 11...dxe4 $2 {[%c_effect e4;square;e4;type;Mistake;persistent;true]} 12.Nxe4 Nxe4 13.Bxe4 {Black's position collpses.} ) 12.hxg3 ) 10...Nc6 11.Bxf6 gxf6 12.O-O ( 12.Nh4 {is better, but only enough for equality after} 12...f5 13.Qh5 ) 12...c4 $1 {[%c_effect c4;square;c4;type;GreatFind;persistent;true]} 13.Be2 f5 {Black has controlled all of White's pawn breaks and is ready to advance the pawns on the queenside.} 14.g3 b5 15.Nh4 Kh8 16.Ng2 Rg8 ( 16...b4 $1 {[%c_effect b4;square;b4;type;GreatFind;persistent;true] is better, with an advantage for Black.} ) 17.b3 Qa5 18.Qc2 Rgc8 19.bxc4 bxc4 20.Rb7 Rc7 21.Rfb1 Qa6 22.Rxc7 Bxc7 23.Nf4 {The worst is over for White, who managed to stabilize the queenside and can count on equality.} 23...Rb8 24.Rxb8+ Bxb8 25.Qb2 Bd6 26.Bd1 Kg7 $6 {[%c_effect g7;square;g7;type;Inaccuracy;persistent;true] The king goes the wrong way, and this will lead to defeat.} ( 26...Ba3 27.Qc2 Qb6 {followed by ...Qb2, with equality.} ) 27.Nh5+ Kg6 $2 {[%c_effect g6;square;g6;type;Mistake;persistent;true]} ( 27...Kh8 {It's better to go back.} ) 28.h3 {The plan is to play g3-g4, undermining the black king's defenses.} ( 28.Nf3 {is also interesting since the knight cannot be captured.} 28...f6 ( 28...Kxh5 $2 {[%c_effect h5;square;h5;type;Mistake;persistent;true]} 29.Ne5+ Kh6 30.Nxf7+ Kg7 31.Nxd6 {winning a pawn.} ) 29.Nh4+ Kf7 30.Qd2 {with the idea of playing e3-e4 and bringing the queen to h6.} ) 28...Qa3 29.Qc2 Bc7 $6 {[%c_effect c7;square;c7;type;Inaccuracy;persistent;true] played to bring the queen to the defense, but it's already too late.} ( 29...f6 {is a better try.} 30.g4 Ne7 ) 30.g4 $1 {[%c_effect g4;square;g4;type;GreatFind;persistent;true]} 30...Ne7 31.Nf3 {There are other ways to win:} ( 31.gxf5+ Nxf5 32.e4 $1 {[%c_effect e4;square;e4;type;GreatFind;persistent;true]} 32...dxe4 33.Nxe4 {with a decisive attack.} ) ( 31.f4 {with the idea of Nf3-Qg2.} ) 31...Bc8 $6 {[%c_effect c8;square;c8;type;Inaccuracy;persistent;true]} ( 31...f6 {is the only chance.} ) 32.Nh4+ Kh6 33.f4 ( 33.g5+ {also leads to mate:} 33...Kxg5 34.f4+ Kh6 ( 34...Kxh4 35.Qf2+ Kxh3 36.Qg3# ) 35.Qg2 ) 1-0